Mastering the art of time management: (Record no. 155180)

MARC details
000 -LEADER
fixed length control field 00641nam a22001817a 4500
005 - DATE AND TIME OF LATEST TRANSACTION
control field 20180731111936.0
010 ## - LCCN (DPL NO)
LC control number ENG-123629
020 ## - INTERNATIONAL STANDARD BOOK NUMBER
Terms of availability 195.00
International Standard Book Number 9788193607343
035 ## - SYSTEM CONTROL NUMBER
System control number EN-107161
037 ## - SOURCE OF ACQUISITION
Source of stock number/acquisition DBAD/PUB
082 ## - DEWEY DECIMAL CLASSIFICATION NUMBER
Classification number 650.11
100 ## - MAIN ENTRY--PERSONAL NAME
Personal name Tejgyan Global Foundation
245 ## - TITLE STATEMENT
Title Mastering the art of time management:
Statement of responsibility, etc by Tejgyan Global Foundation
Remainder of title highest use of your time to achieve your highest potential /
260 ## - PUBLICATION, DISTRIBUTION, ETC. (IMPRINT)
Place of publication, distribution, etc Pune
Name of publisher, distributor, etc Wow publishing pvt.ltd
Date of publication, distribution, etc 2017
270 ## - ADDRESS
Address E-4, Vaibhav Nagar, Near Tapovan Mandir, Pimpri,
City Pune
Postal code 411017
300 ## - PHYSICAL DESCRIPTION
Extent 190p.
Dimensions 21cm(pbk)
Other physical details ill.
942 ## - ADDED ENTRY ELEMENTS (KOHA)
Source of classification or shelving scheme Dewey Decimal Classification
Item type English Books
Classification part 650.11
Call number suffix TEJ
Holdings
Withdrawn status Lost status Not for loan Collection code Home library Current library Date acquired Source of acquisition Cost, normal purchase price Full call number Barcode Copy number Cost, replacement price Koha item type
    Not For Loan Non-fiction D.B.Act.Division Sarojini Nagar 31/07/2018 DBAD/PUB 195.00 650.11 TEJ EN-107161 1 195.00 English Books

© Delhi Public Library
Hit Counter
free hit counter